| 000 | 01302nam a22002777a 4500 | ||
|---|---|---|---|
| 999 |
_c113544 _d113544 |
||
| 003 | dpl | ||
| 005 | 20181129162617.0 | ||
| 008 | 181129b ||||| |||| 00| 0 eng d | ||
| 010 | _aB-031945 | ||
| 020 |
_c140.00 _a8126010266 |
||
| 035 | _aB-031945 | ||
| 037 | _bCen Lib/Ret | ||
| 040 |
_aDPL _bHN _c0 |
||
| 082 |
_a820.8 _bबांदिव |
||
| 100 |
_aबांदिवडेकर, चंद्रकांत _944241 |
||
| 245 |
_aधर्मवीर भारती : _cचंद्रकांत बांदिवडेकर _bव्यक्तित्व और कृतित्व / कृतियाँ |
||
| 246 |
_aDharamvir Bharti : vyaktitva aur krititva / _bby Chanrakant Bandiwadekar |
||
| 260 |
_aनई दिल्ली _bसाहित्य आकदमी _c2001 |
||
| 270 |
_aरविन्द्र भवन, 35, फिरोजशाह मार्ग _bनई दिल्ली _e110001 |
||
| 300 |
_a227पृ. _c21सेमी (सजिल्द) |
||
| 650 |
_aहिंदी साहित्य _952732 |
||
| 650 |
_aहिंदी साहित्य-- कृतियाँ _91009 |
||
| 650 |
_aHindi literature _952733 |
||
| 650 |
_aHindi literature--Works _952734 |
||
| 942 |
_2ddc _cHN _h820.8 _mबांदिव |
||